Normal view MARC view
  • Elizondo Huerta, Aurora

Entry Nombre Personal

Number of records used in: 12

001 - NUMERO DE CONTROL

  • campo de control: 37803

003 - IDENTIFICADOR DE NUMERO DE CONTROL

  • campo de control: DLC

005 - FECHA Y HORA DE LA ÜLTIMA TRANSACCIÓN

  • campo de control: 20230526100758.0

008 - DATOS DE LONGITUD FIJA

  • campo de control de longitud fija: 230526n| acannaabn |a aaa c

010 ## - NÚMERO DE CONTROL DE LA BIBLIOTECA DEL CONGRESO

  • Número de control LC: no 00095666

035 ## - NUMERO DE CONTROL

  • Número de control: (OCoLC)oca05361666

040 ## - FUENTE DE CATALOGACIÓN

  • Agencia original de catalogación: ViU
  • Lenguaje de catalogación: spa
  • Agencia de transcripción: ViU
  • Agencia que lo modifica: MX-SlUA
  • Agencia que lo modifica: MX-MxUPN

100 1# - ENCABEZAMIENTO - NOMBRE PERSONAL

  • Nombre personal: Elizondo Huerta, Aurora

374 ## - OCUPACIÓN

  • Occupation: Psicóloga

400 1# - VEÁSE - NOMBRE DE PERSONA

  • Personal name: Huerta, Aurora Elizondo

400 1# - VEÁSE - NOMBRE DE PERSONA

  • Personal name: Elizondo, Aurora

400 1# - VEÁSE - NOMBRE DE PERSONA

  • Personal name: Elizondo Huerta, Aurora E.

670 ## - FUENTE EN LA QUE SE LOCALIZARON DATOS

  • Cita de la fuente: Las trampas de la identidad en un mundo de mujeres, c1999:
  • Información localizada: portada (Aurora Elizondo Huerta) cubierta (Aurora Elizondo) página 4 de la cubierta (psychologist)

670 ## - FUENTE EN LA QUE SE LOCALIZARON DATOS

  • Cita de la fuente: Fundamentos sociales y psicológicos de la educación, 1998:
  • Información localizada: portada (Aurora E. Elizondo Huerta)

902 ## - CATALOGADOR

  • Catalogador: NDAF/260523